Proceedings of the International Workshop Advanced Mathematical Tools in Metrology : (Record no. 529488)
[ view plain ]
| 000 -LEADER | |
|---|---|
| fixed length control field | 01356cam a2200337 a 4500 |
| 001 - CONTROL NUMBER | |
| control field | 3983374 |
| 003 - CONTROL NUMBER IDENTIFIER | |
| control field | NUST |
| 005 - DATE AND TIME OF LATEST TRANSACTION | |
| control field | 20190926144431.0 |
| 008 - FIXED-LENGTH DATA ELEMENTS--GENERAL INFORMATION | |
| fixed length control field | 941005s1994 si a b 101 0 eng d |
| 010 ## - LIBRARY OF CONGRESS CONTROL NUMBER | |
| LC control number | 95106360 |
| 020 ## - INTERNATIONAL STANDARD BOOK NUMBER | |
| International Standard Book Number | 9810217587 |
| 035 ## - SYSTEM CONTROL NUMBER | |
| System control number | (OCoLC)31224158 |
| 038 ## - RECORD CONTENT LICENSOR | |
| Staff Name | waseem |
| 040 ## - CATALOGING SOURCE | |
| Original cataloging agency | NcRS |
| Transcribing agency | NcRS |
| Modifying agency | IU |
| -- | DLC |
| 042 ## - AUTHENTICATION CODE | |
| Authentication code | lccopycat |
| 050 04 - LIBRARY OF CONGRESS CALL NUMBER | |
| Classification number | QA465 |
| Item number | .I56 1993 |
| 082 00 - DEWEY DECIMAL CLASSIFICATION NUMBER | |
| Classification number | 530.8 |
| Author Mark | CIA |
| 111 2# - MAIN ENTRY--MEETING NAME | |
| Meeting name or jurisdiction name as entry element | International Workshop on Advanced Mathematical Tools in Metrology |
| Date of meeting | (1993 : |
| Location of meeting | Turin, Italy) |
| 9 (RLIN) | 21653 |
| 245 10 - TITLE STATEMENT | |
| Title | Proceedings of the International Workshop Advanced Mathematical Tools in Metrology : |
| Remainder of title | Villa Gualino, Torino, Italy, October 20-22, 1993 / |
| Statement of responsibility, etc. | editors, P. Ciarlini ... [et al.]. |
| 260 ## - PUBLICATION, DISTRIBUTION, ETC. | |
| Place of publication, distribution, etc. | Singapore ; |
| -- | River Edge, NJ : |
| Name of publisher, distributor, etc. | World Scientific, |
| Date of publication, distribution, etc. | c1994. |
| 300 ## - PHYSICAL DESCRIPTION | |
| Extent | ix, 273 p. : |
| Other physical details | ill. ; |
| Dimensions | 23 cm. |
| 440 #0 - SERIES STATEMENT/ADDED ENTRY--TITLE | |
| Title | Series on advances in mathematics for applied sciences ; |
| Volume/sequential designation | v. 16 |
| 9 (RLIN) | 21654 |
| 504 ## - BIBLIOGRAPHY, ETC. NOTE | |
| Bibliography, etc. note | Includes bibliographical references and index. |
| 650 #0 - SUBJECT ADDED ENTRY--TOPICAL TERM | |
| Topical term or geographic name entry element | Measurement |
| Form subdivision | Congresses. |
| 9 (RLIN) | 21655 |
| 650 #0 - SUBJECT ADDED ENTRY--TOPICAL TERM | |
| Topical term or geographic name entry element | Physical measurements |
| Form subdivision | Congresses. |
| 9 (RLIN) | 21656 |
| 700 1# - ADDED ENTRY--PERSONAL NAME | |
| Personal name | Ciarlini, P. |
| 9 (RLIN) | 21657 |
| 740 0# - ADDED ENTRY--UNCONTROLLED RELATED/ANALYTICAL TITLE | |
| Uncontrolled related/analytical title | Advanced mathematical tools in metrology. |
| 906 ## - LOCAL DATA ELEMENT F, LDF (RLIN) | |
| a | 7 |
| b | cbc |
| c | copycat |
| d | 2 |
| e | ncip |
| f | 19 |
| g | y-gencatlg |
| 942 ## - ADDED ENTRY ELEMENTS (KOHA) | |
| Source of classification or shelving scheme | |
| Koha item type | Book |
| Withdrawn status | Lost status | Source of classification or shelving scheme | Damaged status | Not for loan | Permanent Location | Current Location | Date acquired | Total Checkouts | Full call number | Barcode | Date last seen | Price effective from | Koha item type |
|---|---|---|---|---|---|---|---|---|---|---|---|---|---|
| Central Library (CL) | Central Library (CL) | 09/26/2019 | 530.8 CIA | SEECS003186 | 09/26/2019 | 09/26/2019 | Book |
